000 00266nam a2200121Ia 4500
008 191201s2018 xx 000 0 und d
100 _aBERMAN, Barry
245 0 _aRetail Management
260 _bPearsons
_c2018
300 _a722
650 _aBBA
942 _2ddc
_cBK
999 _c6945
_d6945